Patriots Players With 1000 Scrimmage Yards - Statistics

General Stats
  • This quiz has been taken 54 times
  • The average score is 30 of 67
Answer Stats
Position (Year) Yards Player % Correct
TE (2011) 1,329 Rob Gronkowski
98%
TE (2015) 1,176 Rob Gronkowski
98%
TE (2014) 1,124 Rob Gronkowski
98%
TE (2017) 1,084 Rob Gronkowski
98%
WR (2016) 1,163 Julian Edelman
89%
WR (2019) 1,144 Julian Edelman
89%
WR (2013) 1,067 Julian Edelman
89%
WR (2014) 1,066 Julian Edelman
89%
WR (2007) 1,493 Randy Moss
89%
WR (2009) 1,264 Randy Moss
89%
WR (2008) 1,008 Randy Moss
89%
WR (2011) 1,599 Wes Welker
89%
WR (2009) 1,384 Wes Welker
89%
WR (2012) 1,374 Wes Welker
89%
WR (2007) 1,209 Wes Welker
89%
WR (2008) 1,191 Wes Welker
89%
RB (1988) 1,266 John Stephens
78%
RB (1989) 1,040 John Stephens
78%
RB (1980) 1,004 John Stephens
78%
RB (2018) 1,176 James White
74%
RB (2022) 1,461 Rhamondre Stevenson
67%
RB (2016) 1,199 LeGarrette Blount
65%
WR/DB (2001) 1,290 Troy Brown
59%
RB (2019) 1,006 Sony Michel
54%
RB (1995) 1,748 Curtis Martin
50%
RB (1996) 1,485 Curtis Martin
50%
RB (1997) 1,456 Curtis Martin
50%
RB (2003) 1,078 Kevin Faulk
48%
RB (2000) 1,035 Kevin Faulk
48%
RB (2004) 1,738 Corey Dillon
43%
RB (2021) 1,061 Damien Harris
41%
RB (2017) 1,110 Dion Lewis
41%
WR (2017) 1,122 Brandin Cooks
39%
WR (1986) 1,491 Stanley Morgan
33%
WR (1981) 1,050 Stanley Morgan
33%
WR (1979) 1,041 Stanley Morgan
33%
WR (1980) 1,027 Stanley Morgan
33%
RB (2012) 1,314 Stevan Ridley
33%
TE (1994) 1,174 Ben Coates
30%
RB (2001) 1,349 Antowain Smith
24%
RB (2002) 1,225 Antowain Smith
24%
RB (2010) 1,093 BenJarvus Green-Ellis
24%
FB (1977) 1,385 Sam Cunningham
22%
FB (1976) 1,123 Sam Cunningham
22%
FB (1978) 1,065 Sam Cunningham
22%
FB (1974) 1,025 Sam Cunningham
22%
WR (1996) 1,174 Terry Glenn
22%
WR (1999) 1,147 Terry Glenn
22%
WR (2000) 1,002 Terry Glenn
22%
WR (1991) 1,025 Irving Fryar
20%
RB (1976) 1,042 Andy Johnson
15%
FB (1985) 1,587 Craig James
15%
FB (1966) 1,561 Jim Nance
13%
FB (1967) 1,412 Jim Nance
13%
RB (1998) 1,446 Robert Edwards
13%
WR (1979) 1,025 Harold Jackson
11%
RB (1983) 1,306 Tony Collins
4%
RB (1985) 1,206 Tony Collins
4%
RB (1981) 1,105 Tony Collins
4%
RB (1986) 1,096 Tony Collins
4%
FB (1963) 1,168 Larry Garron
2%
RB (1993) 1,333 Leonard Russell
2%
RB (1991) 1,040 Leonard Russell
2%
RB (1974) 1,298 Mack Herron
2%
HB (1962) 1,009 Rob Burton
2%
RB (1999) 1,021 Terry Allen
2%
RB (1971) 1,049 Carl Garrett
0%
No matching quizzes found
Score Distribution
Percent of People with Each Score
Percentile by Number Answered
Your Score History
You have not taken this quiz